000 00459nam a2200181Ia 4500
001 10522
005 20260306161838.0
008 260306t1959||||xx |||||||||||||| ||spa||
041 _aESP
082 _a940.1
_bM43 V. 1
100 _aMerriman, Roger Bigelow
_eAUT
245 0 _aLa formación del imperio español:
_ben el viejo mundo y en el nuevo
260 _c1959
300 _a
_c22 cm
650 _aGEN
654 _aCHU
942 _cLIB
_dJUS
_fJUS
_2ddc
_n
999 _c10522
_d10522